Annual report on crop improvement program 1969

Na minha lista:
Detalhes bibliográficos
Formato: Livro
Idioma:Undetermined
Publicado em: VietNam Institute of Agricultural Research, Agronomy Service 1970
Assuntos:
Tags: Adicionar Tag
Sem tags, seja o primeiro a adicionar uma tag!
Thư viện lưu trữ: Trung tâm Học liệu Trường Đại học Cần Thơ
LEADER 00468nam a2200157Ia 4500
001 CTU_30138
008 210402s9999 xx 000 0 und d
082 |a 631 
082 |b I59 
245 0 |a Annual report on crop improvement program 1969 
260 |a VietNam 
260 |b Institute of Agricultural Research, Agronomy Service 
260 |c 1970 
650 |a crops - improvement 
904 |i Liên, 990308 
980 |a Trung tâm Học liệu Trường Đại học Cần Thơ